000 00391nam a22001697a 4500
005 20160623170704.0
008 160623b xxu||||| |||| 00| 0 eng d
020 _a978-81-89107-41-5
041 _aeng
082 _b9661
100 _aBennett, Scott
_92617
245 _aThe Elements of Resume Style
260 _bIndra
_c2009
300 _a114
650 _aManagement
_9241
942 _cBK
999 _c3735
_d3734